| Tag |
First Indicator |
Second Indicator |
Subfields |
| LEADER |
00000nam a2200000Ii 4500 |
| 001 |
in00003988821 |
| 005 |
20180628130935.0 |
| 008 |
180628s1788 mx c 000 0 spa d |
| 035 |
|
|
|a (OCoLC)on1042172472
|
| 040 |
|
|
|a TXA
|b eng
|e rda
|c TXA
|
| 035 |
|
|
|a (OCoLC)1042172472
|
| 043 |
|
|
|a n-mx---
|
| 050 |
|
4 |
|a BX2164
|b .G37 1788
|
| 049 |
|
|
|a TXAM
|
| 100 |
1 |
|
|a García, Francisco,
|d 1641-1685,
|e author.
|
| 240 |
1 |
0 |
|a Glorias y excelencias de S. Joseph.
|k Selections
|
| 245 |
1 |
0 |
|a Novena del gloriosisimo patriarca Señor San Joseph, Padre putativo de Jesus, y esposo dignisimo de María /
|c dispuesta por un Esclavo del Santisimo Patriarca, sacandola de lo escrito por el P. Francisco Garcia de la Compñia de Jesus, en el Libro de sus Excelencias.
|
| 264 |
|
1 |
|a Reimpresa en Mexico :
|b en Imprenta nueva de los Herederos del Lic. D. Joseph Jauregui, Calle de San Bernardo,
|c Año de 1788.
|
| 300 |
|
|
|a 34 unnumbered pages :
|b portrait ;
|c 97 mm
|
| 336 |
|
|
|a text
|b txt
|2 rdacontent
|
| 337 |
|
|
|a unmediated
|b n
|2 rdamedia
|
| 338 |
|
|
|a volume
|b nc
|2 rdacarrier
|
| 500 |
|
|
|a Engraving of Saint Joseph with the infant Jesus and a lily on frontispiece verso.
|
| 500 |
|
|
|a Head- and tailpieces
|
| 500 |
|
|
|a The Cushing Library/Colonial Mexican Imprint Collection copy is bound with: [Ofrecimientos de la tercera parte del Santo Rosario de Nuestra Señora en honra del Santisimo Sacramento de la Eucaristia] [title page missing] -- Obsequios al Sagrado Corazon de Jesus. [Mexico : Imprenta del D. Joseph Fernandez Jauregui, 1796] -- Novena a la santisima virgen Maria de Guadalupe. [Mexico : Don Mariano de Zuniga y Ontiveros, 1796] -- Mano de Dios poderosa, pronta, liberal, y benigna. [Mexico : D. Mariano de Zuniga y Ontiveros, 1795] -- Novena a honor y culto del dulcisimo misterio de la Purisima Concepcion de la reyna de los Angeles. [Mexico : D. Mariano de Zuniga y Ontiveros, 1796] -- Novena de Nuestra Señora la santisima virgen Maria de los Dolores. [Mexico : Herederos de Don Felipe de Zuniga y Ontiveros, 1795] -- Novena de la soberana emperatriz de cielo y tierra. [Guadalaxara : Oficina de D. Mariano Valdes Tellez Giron, 1795] -- Sabado Mariano en obsequio de Maria santisima refugio de pecadores. [Guadalaxara : D. Mariano Valdes Tellez Giron, 1798] -- Novena en piadosa y devota prevencion a el festivo nacimiento de la sagrada aurora Maria Santissima. [Mexico : Imprenta del Lic. D. Joseph de Jauregui, 1777] -- Novena del gloriosisimo patriarca señor San Joseph. [Mexico : Imprenta nueva de los Herederos del Lic. D. Joseph Jauregui, 1788].
|5 TXA
|
| 536 |
|
|
|a This catalog record was made possible with a grant from the Council on Library and Information Resources (CLIR) Cataloging Hidden Special Collections and Archives program
|c 41100623
|
| 600 |
0 |
0 |
|a Joseph,
|c Saint
|v Prayers and devotions
|v Early works to 1800.
|
| 650 |
|
0 |
|a Novenas
|v Early works to 1800.
|
| 650 |
|
0 |
|a Miniature books
|v Specimens.
|
| 651 |
|
0 |
|a Mexico
|x Church history
|y 18th century.
|
| 655 |
|
7 |
|a Engravings.
|2 gmgpc
|
| 655 |
|
7 |
|a Miniature books
|z Mexico
|y 18th century.
|2 rbgenr
|
| 655 |
|
7 |
|a Novenas
|z Mexico
|y 19th century.
|2 rbgenr
|
| 710 |
2 |
|
|a Imprenta de los Herederos del Lic. D. Joseph de Jáuregui,
|e printer.
|
| 752 |
|
|
|a Mexico :
|d Mexico City.
|
| 948 |
|
|
|a cataloged
|b h
|c 2018/6/28
|d o
|e fpiscitelli
|f 1:09:32 pm
|
| 994 |
|
|
|a C0
|b TXA
|
| 999 |
f |
f |
|s 9c328cb6-6a74-3532-a736-f99167064bdb
|i 6eac40ec-8e20-32b8-9773-c2721c630c12
|t 0
|
| 952 |
f |
f |
|p noncirc
|a Texas A&M University
|b College Station
|c Cushing Memorial Library & Archives
|d Cushing: Colonial Mexican Imprints (Does not check out)
|t 0
|e BX2169 .V45 1800z
|h Library of Congress classification
|i unmediated -- volume
|m A14851979634
|
| 952 |
f |
f |
|a Texas A&M University
|b College Station
|c Cushing Memorial Library & Archives
|d Cushing: Colonial Mexican Imprints (Does not check out)
|t 0
|e BX2169 .V45 1800z
|h Library of Congress classification
|
| 998 |
f |
f |
|a BX2169 .V45 1800z
|t 0
|l Cushing: Colonial Mexican Imprints (Does not check out)
|